Procesamiento, utilidad y limitaciones de la base de datos censal de 1955 /
Сохранить в:
| Главный автор: | |
|---|---|
| Формат: | Текст |
| Метки: |
Добавить метку
Нет меток, Требуется 1-ая метка записи!
|
MARC
| LEADER | 00000 a a2200000 04500 | ||
|---|---|---|---|
| 001 | 40181 | ||
| 003 | |||
| 040 | |||
| 100 | |a Rojas, Margarita | ||
| 245 | |a Procesamiento, utilidad y limitaciones de la base de datos censal de 1955 / |c Margarita Rojas | ||
| 773 | |g páginas 47-67 | ||
| 999 | |c 38096 |d 38096 | ||
